Statistics for The New Hampshire Quiz

Click here to take the quiz!

General Stats

  • This quiz has been taken 41 times
  • The average score is 16 of 20

Answer Stats

Answer% Correct
Capital CityConcord
97%
State to the SouthMassachusetts
94%
Ocean that New Hampshire bordersAtlantic
94%
Country to the NorthCanada
94%
State to the EastMaine
94%
State to the WestVermont
94%
Largest CityManchester
90%
NicknameGranite State
87%
State/Province of that CountryQuebec
87%
Second Largest CityNashua
87%
Larger Range that Above is Located inAppalachian
84%
Major City on CoastPortsmouth
81%
Mountain Range that Passes Through StateWhite Mountains
81%
River on Western BorderConnecticut
77%
Major Interstate that Runs North-South through StateI-93
68%
Minor League Hockey TeamMonarchs
61%
Northernmost CountyCoos
61%
Minor League Baseball TeamFishercats
52%
Most populous CountyHillsborough
48%
Prestigious Boarding School, often considered best in nationPhillips Exeter
45%

Score Distribution

Percentile by Number Answered

Percent of People with Each Score

Your Score History

You have not taken this quiz